L'Europe face au défi populiste (notice n° 2195530)

détails MARC
000 -LEADER
fixed length control field 01336cam a2200133 4500500
005 - DATE AND TIME OF LATEST TRANSACTION
control field 20260405065401.0
041 ## - LANGUAGE CODE
Language code of text/sound track or separate title fre
042 ## - AUTHENTICATION CODE
Authentication code dc
100 10 - MAIN ENTRY--PERSONAL NAME
Personal name Leconte, Cécile
Relator term author
245 00 - TITLE STATEMENT
Title L'Europe face au défi populiste
260 ## - PUBLICATION, DISTRIBUTION, ETC.
Name of publisher, distributor, etc. Presses Universitaires de France,<br/>
Date of publication, distribution, etc. 2005.<br/>
520 ## - SUMMARY, ETC.
Summary, etc. A partir d’une étude très précise des débats passionnés suscités par l’affaire Haider (parti populiste autrichien), cet ouvrage élargit la réflexion sur le «devoir d’ingérence démocratique de l’Europe» à d’autres cas comme l’Italie et Berlusconi, la France et Le Pen, en proposant une réflexion originale sur les transformations politiques de l’Union européenne comme espace de valeurset sur le rapport entre démocratie nationale et Europe, tout en soulignant les problèmes politiques d’acceptation suscités par ces développements au niveau national. Ce thème est souvent évoqué dans les débats politiques et les médias mais peu approfondi. D’autre part il met en avant les enjeux d’une politique de mémoire européenne, ainsi qu’une comparaison entre divers pays, les similitudes ou au contraire les différences dans les réaction des populations européennes.
856 41 - ELECTRONIC LOCATION AND ACCESS
Uniform Resource Identifier <a href="https://shs.cairn.info/l-europe-face-au-defi-populiste--9782130546351?lang=fr&redirect-ssocas=7080">https://shs.cairn.info/l-europe-face-au-defi-populiste--9782130546351?lang=fr&redirect-ssocas=7080</a>

Pas d'exemplaire disponible.

PLUDOC

PLUDOC est la plateforme unique et centralisée de gestion des bibliothèques physiques et numériques de Guinée administré par le CEDUST. Elle est la plus grande base de données de ressources documentaires pour les Étudiants, Enseignants chercheurs et Chercheurs de Guinée.

Adresse

627 919 101/664 919 101

25 boulevard du commerce
Kaloum, Conakry, Guinée

Réseaux sociaux

Powered by Netsen Group @ 2025